| 000 | 00656nam a22001937a 4500 | ||
|---|---|---|---|
| 003 | OSt | ||
| 005 | 20251127100340.0 | ||
| 008 | 251127b |||||||| |||| 00| 0 eng d | ||
| 020 | _a971-8614-29-X. | ||
| 040 |
_aDWCL-Admin lib _cOC |
||
| 082 | _aFil. 971-8614-29-X. | ||
| 100 | _aGillesania, Diego Inocencio T. | ||
| 245 |
_a Engineering mathematics volume 1 / _cDiego Inocencio T. Gillesania |
||
| 260 |
_aCebu : _bGillesania Engineering Review and Training Center, _cc2005. |
||
| 300 |
_aVI, 450 p. : _bill. ; _c 21 cm. |
||
| 504 | _aIncludes index. | ||
| 650 | _a1. Mathematics-Engineering-Problems, exercises, etc. | ||
| 942 |
_2ddc _cBK - FIL _kFil. _n0 |
||
| 999 |
_c6431 _d6431 |
||